Kontrolná činnosť a ukončenie pracovného pomeru
Teoretické východiská a vybrané oblasti kontroly pri ukončení pracovnoprávneho vzťahu. Charakteristika podstatných krokov, ktoré musia byť dodržané pri rozviazaní pracovného pomeru z rôznych dôvodov. Skončenie pracovného pomeru dohodou. Skončenie pracovného pomeru výpoveďou. Výpoveď zo strany zamest...
Guardado en:
| Autor principal: | |
|---|---|
| Formato: | Capítulo de libro |
| Lenguaje: | eslovaco |
| Materias: | |
| Etiquetas: |
Sin Etiquetas, Sea el primero en etiquetar este registro!
|
MARC
| LEADER | 00000nla a2200000 4500 | ||
|---|---|---|---|
| 001 | 0242941 | ||
| 005 | 20240502083651.8 | ||
| 041 | 0 | |a slo | |
| 044 | |a CZ | ||
| 245 | 1 | 0 | |a Kontrolná činnosť a ukončenie pracovného pomeru |c Marta Matulčíková |
| 520 | |a Teoretické východiská a vybrané oblasti kontroly pri ukončení pracovnoprávneho vzťahu. Charakteristika podstatných krokov, ktoré musia byť dodržané pri rozviazaní pracovného pomeru z rôznych dôvodov. Skončenie pracovného pomeru dohodou. Skončenie pracovného pomeru výpoveďou. Výpoveď zo strany zamestnanca. Výpoveď zo strany zamestnávateľa. Zákaz výpovede. Okamžité skončenie pracovného pomeru. Hromadné prepúšťanie. Iné spôsoby skončenia pracovného pomeru. | ||
| 610 | 2 | 0 | |a vzťahy pracovnoprávne |
| 610 | 2 | 0 | |a skončenie pomeru pracovného |
| 610 | 2 | 0 | |a výpoveď |
| 610 | 2 | 0 | |a dohody |
| 610 | 2 | 0 | |a prepúšťanie hromadné |
| 610 | 2 | 0 | |a prepúšťanie pracovníkov |
| 610 | 2 | 0 | |a legislatíva |
| 610 | 2 | 0 | |a zákonník práce |
| 610 | 2 | 0 | |a kontrola |
| 610 | 2 | 0 | |a etika |
| 610 | 2 | 0 | |a zamestnanci |
| 610 | 2 | 0 | |a zamestnávatelia |
| 100 | 1 | |a Matulčíková, Marta, 1964- | |